| 000 | 00755nam a2200253Ia 4500 | ||
|---|---|---|---|
| 003 | OSt | ||
| 005 | 20220924131752.0 | ||
| 006 | a|||||r|||| 00| 0 | ||
| 007 | ta | ||
| 008 | 220923b |||||||| |||| 00| 0 urd d | ||
| 024 | _a44912 | ||
| 037 | _cTextual | ||
| 040 |
_aARTS _cARTS _burd |
||
| 041 |
_2urd _aurd |
||
| 082 | _aO168,1MRAx, 111L4 | ||
| 100 |
_aRahbar Muhammad Daud _9202824 |
||
| 245 | 0 |
_aCup of Jamshid _b a collection of original Ghazal poetry tr from the Urdu by the author |
|
| 260 |
_aVermont _bClaude Stark _c1974 |
||
| 300 |
_axiv,199p. _ccm. |
||
| 500 | _aGlossary 195-99p | ||
| 650 | _aURDU LITERATURE | ||
| 942 |
_hO168,1MRAx, 111L4 _cTEXL _2CC |
||
| 999 |
_c428138 _d428138 |
||